| 000 | 00512nam a2200193 a 4500 | ||
|---|---|---|---|
| 001 | 000029741 | ||
| 003 | DO-SdBNP | ||
| 005 | 20230411110550.0 | ||
| 007 | ta | ||
| 008 | 110425s1993 dr ad 000 0 spa d | ||
| 040 |
_aDO-SdBNP _bspa _cBNPHU |
||
| 082 | 4 | _222 | |
| 110 | 2 |
_aGrupo Financiero Popular _910533 |
|
| 245 | 0 | 0 | _aMemoria anual 1993. |
| 260 |
_aSanto Domingo : _bGrupo Financiero Popular, _c1993. |
||
| 300 |
_a84 p. : _bil. diagrs. ; _c28 cm. |
||
| 590 | _aInventariado, 2023/BT | ||
| 942 |
_2ddc _cLBS1 |
||
| 999 |
_c29233 _d29233 |
||